[Event "4NCL/Div1/WES-BG2"]
[Site "Birmingham ENG"]
[Date "2002.??.??"]
[Round "11.3"]
[White "Corkett, Anthony R"]
[Black "Moskovic, David M"]
[Result "1/2-1/2"]
[WhiteElo "2326"]
[BlackElo "2250"]
[PlyCount "59"]
[EventDate "2002.??.??"]

1. Nc3 c5 2. e4 Nc6 3. d3 Nf6 4. g3 d5 5. Bg2 dxe4 6. Nxe4 Nxe4 7. Bxe4 e6 8.
Ne2 Be7 9. Bg2 O-O 10. O-O Qc7 11. Nf4 Kh8 12. c3 b6 13. d4 cxd4 14. cxd4 Ba6
15. Re1 Rad8 16. Qa4 Nb4 17. Be3 Qd7 18. Qb3 Bb7 19. Rac1 Bxg2 20. Kxg2 Qb7+
21. f3 {(=)} 21... Bd6 22. a3 Bxf4 23. Qxb4 Bxe3 24. Rxe3 Qd7 25. Rc4 g6 26.
Qc3 Kg8 27. Re4 Rc8 28. b3 Rfd8 29. h4 h5 30. g4 1/2-1/2

[Event "4NCL/Div1/WES-BG2"]
[Site "Birmingham ENG"]
[Date "2002.??.??"]
[Round "11.5"]
[White "Yeo, Michael J"]
[Black "Friedgood, David"]
[Result "1-0"]
[WhiteElo "2206"]
[BlackElo "2224"]
[PlyCount "77"]
[EventDate "2002.??.??"]

1. e4 c5 2. Nf3 e6 3. d4 cxd4 4. Nxd4 Qb6 5. Nc3 a6 6. Be3 Qxb2 7. Na4 Qb4+ 8.
c3 Qa5 9. Ne2 Nc6 10. Nb6 Rb8 11. Nc4 Qh5 12. Qd2 f6 13. Bb6 Ne5 14. Ne3 Nf7
15. Ng3 Qg5 16. h4 Qf4 17. Rd1 Ne7 18. Nc4 Qxd2+ 19. Rxd2 Ra8 20. Be2 d5 21.
Ne3 Bd7 22. exd5 Nxd5 23. Nxd5 exd5 24. Bf3 Ne5 {(=)} 25. Bxd5 Bc6 26. f4 Bxd5
27. fxe5 Bc4 28. exf6 gxf6 29. Kf2 Be6 30. Nh5 Kf7 31. Bd4 Be7 32. Re1 Rhe8 33.
Kg1 Bg4 34. Nxf6 Bxf6 35. Rf1 Re6 36. Rdf2 Rf8 37. Bxf6 Kg6 38. Bd4 Rxf2 39.
Rxf2 $138 1-0

[Event "4NCL/Div1/WES-BG2"]
[Site "Birmingham ENG"]
[Date "2002.??.??"]
[Round "11.7"]
[White "Pleasants, Allan J"]
[Black "Bellin, Jana"]
[Result "0-1"]
[WhiteElo "1944"]
[BlackElo "2203"]
[PlyCount "80"]
[EventDate "2002.??.??"]

1. e4 c5 2. Nf3 e6 3. d4 cxd4 4. c3 dxc3 5. Nxc3 Bc5 6. Bc4 a6 7. a4 d6 8. O-O
Nf6 9. Qe2 Nbd7 10. h3 O-O 11. Rd1 Qc7 12. Bg5 h6 13. Bf4 e5 14. Bd2 Nb6 15.
Ba2 Be6 16. b3 Qe7 17. a5 Nbd7 18. Na4 Rac8 19. b4 Ba7 20. Nc3 Bxa2 21. Rxa2
Qe6 22. Nh4 Bd4 23. Ra3 Bxc3 24. Bxc3 d5 25. exd5 Nxd5 26. Be1 N7f6 27. Nf3
Rfe8 28. b5 Nf4 29. Qb2 N6d5 30. Nh2 Qg6 31. Rg3 Qe4 32. Rg4 Rc2 33. Qb1 Nf6
34. Rxf4 exf4 35. Nf3 Rcc8 36. bxa6 Qxb1 37. Rxb1 bxa6 38. Bd2 g5 39. Rb6 Re6
40. Rb7 Ne4 0-1

[Event "4NCL/Div1/WES-BG2"]
[Site "Birmingham ENG"]
[Date "2002.??.??"]
[Round "11.8"]
[White "Howell, Christopher I"]
[Black "Howard, Emily"]
[Result "1-0"]
[WhiteElo "2160"]
[BlackElo "2017"]
[PlyCount "57"]
[EventDate "2002.??.??"]

1. e4 c6 2. d4 d5 3. exd5 cxd5 4. c4 Nf6 5. Nc3 e6 6. Nf3 Nc6 7. c5 Be7 8. a3
O-O 9. b4 a6 10. Bd3 b6 11. Na4 Nd7 12. cxb6 h6 13. Bb1 Bb7 14. Qd3 Nf6 15. Nc5
Qc8 16. Bf4 Bd8 17. Be5 Nxe5 18. Nxe5 Re8 19. O-O Bxb6 20. f3 a5 21. Ng4 axb4
22. Nxf6+ gxf6 23. Qe3 e5 24. Qxh6 Qc7 25. Bh7+ Kh8 26. axb4 exd4 27. Rxa8 Bxa8
28. Bf5+ Kg8 29. Qh7+ 1-0

[Event "4NCL/Div1/BARB2-MM"]
[Site "Birmingham ENG"]
[Date "2002.??.??"]
[Round "11.1"]
[White "Duncan, Christopher R"]
[Black "Ledger, Andrew J"]
[Result "1/2-1/2"]
[WhiteElo "2336"]
[BlackElo "2395"]
[PlyCount "22"]
[EventDate "2002.??.??"]

1. d4 Nf6 2. c4 d6 3. Nc3 e5 4. Nf3 Nbd7 5. e4 Be7 6. Be2 O-O 7. O-O c6 8. Be3
Ng4 9. Bd2 Ngf6 10. Be3 Ng4 11. Bd2 Ngf6 1/2-1/2

[Event "4NCL/Div1/BARB2-MM"]
[Site "Birmingham ENG"]
[Date "2002.??.??"]
[Round "11.2"]
[White "Pert, Nicholas"]
[Black "Shikerov, Stefan"]
[Result "1-0"]
[WhiteElo "2452"]
[BlackElo "2298"]
[PlyCount "81"]
[EventDate "2002.??.??"]

1. d4 d5 2. c4 dxc4 3. Nf3 Nf6 4. Nc3 Bg4 5. Ne5 Bh5 6. h3 e6 7. g4 Bg6 8. Bg2
c6 9. h4 Bb4 10. h5 Be4 11. f3 c5 12. fxe4 Qxd4 13. Nf3 Qxe4 14. g5 Nd5 15. Rh4
Nxc3 16. Rxe4 Nxd1+ 17. Kxd1 Nc6 18. a3 O-O-O+ 19. Kc2 Ba5 20. Rxc4 Bb6 21. b4
cxb4 22. axb4 Kb8 23. Bf4+ Ka8 24. Rxc6 bxc6 25. Nd4 Rd5 26. Nxc6 Rc8 27. Bxd5
exd5 28. b5 Re8 29. Kd3 Kb7 30. Be5 f6 31. gxf6 gxf6 32. Bd4 Bxd4 33. Nxd4 Re5
34. Rh1 Kb6 35. h6 Rg5 36. Rc1 Rg6 37. Rc6+ Kb7 38. Nf5 a5 39. Nd6+ Kb8 40. b6
Rg8 41. b7 1-0

[Event "4NCL/Div1/BARB2-MM"]
[Site "Birmingham ENG"]
[Date "2002.??.??"]
[Round "11.3"]
[White "Crouch, Colin S"]
[Black "Eames, Robert G"]
[Result "1-0"]
[WhiteElo "2365"]
[BlackElo "2327"]
[PlyCount "57"]
[EventDate "2002.??.??"]

1. d4 Nf6 2. c4 c5 3. d5 b5 4. cxb5 a6 5. b6 Qxb6 6. Nc3 g6 7. Nf3 Bg7 8. e4 d6
9. Nd2 O-O 10. Be2 a5 11. Nc4 Qc7 12. Bg5 Ba6 13. Qd2 Nbd7 14. Bh6 Nb6 15. Bxg7
Nxc4 16. Qh6 Rfb8 17. Bxf6 exf6 18. b3 Ne5 19. Bxa6 Rxa6 20. O-O c4 21. bxc4
Qxc4 22. Qe3 Nd3 23. Rad1 Qxc3 24. Rxd3 Qc4 25. a3 Rab6 26. Rc3 Qa2 27. h4 Rb3
28. Qa7 Qxa3 29. Qxb8+ 1-0

[Event "4NCL/Div1/BARB2-MM"]
[Site "Birmingham ENG"]
[Date "2002.??.??"]
[Round "11.4"]
[White "Pert, Richard G"]
[Black "Dishman, Stephen"]
[Result "1/2-1/2"]
[WhiteElo "2327"]
[BlackElo "2323"]
[PlyCount "70"]
[EventDate "2002.??.??"]

1. e4 c5 2. Nf3 g6 3. d4 cxd4 4. Qxd4 Nf6 5. e5 Nc6 6. Qa4 Nd5 7. Qe4 Ndb4 8.
Bb5 Qa5 9. Nc3 d5 10. exd6 Bf5 11. Qe5 Nxc2+ 12. Ke2 O-O-O 13. Bxc6 Qxe5+ 14.
Nxe5 bxc6 15. Nxf7 Nxa1 16. Nxh8 exd6 17. Bg5 Re8+ 18. Kd2 Nc2 19. g4 Nd4 20.
gxf5 Nf3+ 21. Kc2 Nxg5 22. h4 Nf3 23. fxg6 Be7 24. g7 Rg8 25. Rh3 Nxh4 26. Nf7
Kd7 27. Ne4 Rxg7 28. Nfxd6 Bxd6 29. Rxh4 Rf7 30. Rh3 Be5 31. Ra3 Kc8 32. Rh3
Kc7 33. b3 Bd4 34. Kd3 Bxf2 35. Nxf2 Rxf2 1/2-1/2

[Event "4NCL/Div1/BARB2-MM"]
[Site "Birmingham ENG"]
[Date "2002.??.??"]
[Round "11.5"]
[White "Berry, Neil"]
[Black "Hunt, Adam C"]
[Result "0-1"]
[WhiteElo "2265"]
[BlackElo "2365"]
[PlyCount "76"]
[EventDate "2002.??.??"]

1. d4 Nf6 2. c4 g6 3. Nc3 Bg7 4. e4 d6 5. Nf3 O-O 6. Be2 e5 7. O-O Nc6 8. d5
Ne7 9. b4 a5 10. Ba3 b6 11. bxa5 Rxa5 12. Bb4 Ra8 13. a4 Ne8 14. Qb3 Rb8 15.
Nb5 f5 16. Nd2 Bh6 17. a5 bxa5 18. Bxa5 Bxd2 19. Bxd2 fxe4 20. Bg5 Nf6 21. Qc2
Bf5 22. Qd2 Rb7 23. Ra7 Rxa7 24. Nxa7 Bd7 25. g4 Qa8 26. Qe3 Kh8 27. Bxf6+ Rxf6
28. Rb1 Rf4 29. h3 h5 30. Nb5 hxg4 31. Nxc7 Qa2 32. Rb8+ Kh7 33. Ne6 Nf5 34.
Ng5+ Kg7 35. Qb6 Qxe2 36. Rg8+ Kxg8 37. Qd8+ Kg7 38. Qxd7+ Kh6 0-1

[Event "4NCL/Div1/BARB2-MM"]
[Site "Birmingham ENG"]
[Date "2002.??.??"]
[Round "11.6"]
[White "Ledger, David J"]
[Black "Coleman, David J"]
[Result "1/2-1/2"]
[WhiteElo "2283"]
[BlackElo "2234"]
[PlyCount "74"]
[EventDate "2002.??.??"]

1. e4 c5 2. Nc3 Nc6 3. g3 g6 4. d3 Bg7 5. Be3 d6 6. Qd2 Rb8 7. Bg2 Nd4 8. Nd1
e5 9. c3 Ne6 10. Ne2 Ne7 11. Bh6 O-O 12. Bxg7 Nxg7 13. O-O b6 14. Ne3 f5 15. f4
Bb7 16. Rf2 Qc7 17. Raf1 Rbd8 18. g4 Kh8 19. gxf5 gxf5 20. fxe5 dxe5 21. exf5
Bxg2 22. Rxg2 Nh5 23. Rg5 Nf4 24. Nxf4 exf4 25. Ng2 Nd5 26. Nxf4 Nxf4 27. Qxf4
Qxf4 28. Rxf4 Rxd3 29. Rf2 Rg8 30. Rgg2 Rd1+ 31. Rf1 Rxg2+ 32. Kxg2 Rxf1 33.
Kxf1 Kg7 34. Ke2 Kf6 35. Kf3 Kxf5 36. c4 h5 37. h4 Ke5 1/2-1/2

[Event "4NCL/Div1/BARB2-MM"]
[Site "Birmingham ENG"]
[Date "2002.??.??"]
[Round "11.7"]
[White "Trent, Lawrence"]
[Black "Ledger, Stephen C"]
[Result "1-0"]
[WhiteElo "2219"]
[BlackElo "2168"]
[PlyCount "61"]
[EventDate "2002.??.??"]

1. d4 Nf6 2. Bg5 c5 3. d5 Qb6 4. Nc3 Qxb2 5. Bd2 Qb6 6. e4 d6 7. f4 Bg4 8. Be2
Bxe2 9. Qxe2 e6 10. Rb1 Qc7 11. e5 dxe5 12. d6 Qc6 13. fxe5 Nd5 14. Nxd5 Qxd5
15. c4 Qc6 16. Nh3 g6 17. O-O Bg7 18. Ng5 O-O 19. Qf2 Nd7 20. Qh4 h6 21. Ne4
Nxe5 22. Nf6+ Bxf6 23. Qxf6 Nd7 24. Qf4 e5 25. Qxh6 Qxd6 26. Rb3 f5 27. Rh3 Rf6
28. Qh8+ Kf7 29. Rh7+ Ke6 30. Qxa8 Qxd2 31. Qe8+ 1-0

[Event "4NCL/Div1/BARB2-MM"]
[Site "Birmingham ENG"]
[Date "2002.??.??"]
[Round "11.8"]
[White "Tidman, Sophie"]
[Black "Seymour, Jane"]
[Result "1-0"]
[WhiteElo "2119"]
[BlackElo "2035"]
[PlyCount "47"]
[EventDate "2002.??.??"]

1. e4 d6 2. d4 Nf6 3. Nc3 g6 4. f3 Bg7 5. Be3 Nc6 6. Qd2 h5 7. O-O-O a6 8. g3
e5 9. d5 Ne7 10. Nh3 Nh7 11. Bg2 f5 12. f4 fxe4 13. Nxe4 Bf5 14. fxe5 Bxe5 15.
Bd4 Qd7 16. Bxe5 dxe5 17. Nhg5 O-O 18. Nxh7 Kxh7 19. Ng5+ Kg7 20. Qc3 Qd6 21.
Rhe1 Rad8 22. Rxe5 Rf6 23. Ne6+ Bxe6 24. Rxe6 1-0